| 000 | 00707nam a2200205Ia 4500 | ||
|---|---|---|---|
| 003 | 0 | ||
| 005 | 20250128110036.0 | ||
| 008 | 150126s9999 xx 000 0 und d | ||
| 050 |
_aPGS TX 364 _b.L477 2014 |
||
| 100 | _aLee, Ruby Grace. | ||
| 245 |
_aHealthy eating habits of grade 6 SISC students / _cRuby Grace Lee. |
||
| 260 |
_aLas PiƱas City, Philippines : _bSouthville International School and Colleges, _c2014. |
||
| 300 |
_a25 p. : _bill. ; _c28 cm. |
||
| 504 | _aIncludes bibliographical references. | ||
| 650 |
_aChildren _vNutrition. |
||
| 650 |
_aDietary habits _vHealth aspects. |
||
| 650 | _aHealthy eating. | ||
| 650 |
_aHealth education _vElementary school students. |
||
| 942 |
_2lcc _cPASS |
||
| 999 |
_c278603 _d278603 |
||